| 000 | 00543cam a2200229ua 4500 | ||
|---|---|---|---|
| 020 | _c2.00 | ||
| 041 |
_aeng _h |
||
| 082 |
_a693.1 _bSHA/MA |
||
| 100 | _aShahane, . | ||
| 245 |
_aMasonry in questions and answers / _cShahane. _hTextual Documents |
||
| 260 |
_aBombay : _bEngineering Book Co. , _c1956. |
||
| 300 | _a112 ; . | ||
| 365 | _a2.00 | ||
| 504 | _a | ||
| 942 | _cBK | ||
| 999 |
_c3107 _d3107 |
||